000
00478nam a2200145Ia 4500
008
100122s9999 xx 000 0 und d
082
_b
67899
_a
824
100
_a
जोशी विमला
245
_a
खिडक्या आणि झरोके
260
_b
प्रतीक प्रकाशन
_c
2005
300
_a
112
630
_a
खिडक्या आणि झरोके
730
_a
खिडक्या आणि झरोके
942
_c
BOOK
999
_c
439730
_d
439727